Central Library OPAC University of Rajshahi

المنتخبات العربية al-Muntakhabāt al-ʿArabīyah. / (Record no. 81244)

MARC details
000 -LEADER
fixed length control field 01014cam a22002771i 4500
001 - CONTROL NUMBER
control field 81244
003 - CONTROL NUMBER IDENTIFIER
rucl marc code BD-RjUL
005 - DATE AND TIME OF LATEST TRANSACTION
control field 20230216104546.0
008 - FIXED-LENGTH DATA ELEMENTS--GENERAL INFORMATION
fixed length control field 230218s1828 ii go ||| | ara d
035 ## - SYSTEM CONTROL NUMBER
System control number (BD-RjUL)81244
040 ## - CATALOGING SOURCE
Original cataloging agency Uk
Language of cataloging eng
Description conventions rda
Transcribing agency NL-LeKB
Modifying agency AE-DuAMF
041 ## - LANGUAGE CODE
Language code of text/sound track or separate title ara
082 ## - DEWEY DECIMAL CLASSIFICATION NUMBER
Edition number 23
Classification number 892.786
100 ## - MAIN ENTRY--PERSONAL NAME
Personal name عرفان, محمد Irfan, Muhammad
9 (RLIN) 7027
245 04 - TITLE STATEMENT
Title المنتخبات العربية al-Muntakhabāt al-ʿArabīyah. /
Statement of responsibility, etc. Muhammad Irfan محمد عرفان
264 #1 - PRODUCTION, PUBLICATION, DISTRIBUTION, MANUFACTURE, AND COPYRIGHT NOTICE
Place of production, publication, distribution, manufacture Calcutta :
Name of producer, publisher, distributor, manufacturer [Calcutta School-Book Society],
Date of production, publication, distribution, manufacture, or copyright notice 1933
300 ## - PHYSICAL DESCRIPTION
Pagination 145 p. ;
Size 23 cm
490 1# - SERIES STATEMENT
Series statement Early Arabic Printed Books from the British Library
500 ## - GENERAL NOTE
General note Reproduction of the original from The British Library.
520 ## - SUMMARY, ETC.
Summary, etc. The Arabic Reader, or, select extracts from various Arabic writers.
650 #0 - SUBJECT ADDED ENTRY--TOPICAL TERM
Topical term or geographic name as entry element Arabic language
Form subdivision Readers.
9 (RLIN) 1519
830 #0 - SERIES ADDED ENTRY--UNIFORM TITLE
Uniform title Early Arabic printed books from the British Library.
942 ## - ADDED ENTRY ELEMENTS (KOHA)
Source of classification or shelving scheme Dewey Decimal Classification
Koha item type Books
Holdings
Lost status Source of classification or shelving scheme Damaged status Not for loan Collection code Permanent Location Current Location Shelving location Date acquired Total Checkouts Full call number Date last seen Copy number Koha item type
  Dewey Decimal Classification   Not For Loan Non-fiction Central Library, University of Rajshahi Central Library, University of Rajshahi Reading Room 16/02/2023   A 892.786 IRM 1933 16/02/2023 C-1 Books